Online
Catalog

Carta apostólica / (Record no. 15608)

MARC details
000 -CABECERA
campo de control de longitud fija 01166nam a2200361 a 4500
003 - IDENTIFICADOR DEL NÚMERO DE CONTROL
campo de control OSt
005 - FECHA Y HORA DE LA ÚLTIMA TRANSACCIÓN
campo de control 20201113101915.0
007 - CAMPO FIJO DE DESCRIPCIÓN FÍSICA--INFORMACIÓN GENERAL
campo de control de longitud fija ta
008 - DATOS DE LONGITUD FIJA--INFORMACIÓN GENERAL
campo de control de longitud fija 100224s1989 dr f 001 spa d
040 ## - FUENTE DE LA CATALOGACIÓN
Centro catalogador/agencia de origen DO-SdBNP
Lengua de catalogación spa
Centro/agencia transcriptor BNPHU
041 ## - CÓDIGO DE LENGUA
Código de lengua original spa
082 ## - NÚMERO DE LA CLASIFICACIÓN DECIMAL DEWEY
Número de clasificación xxxx
Número de documento/Ítem C322a
110 ## - ENTRADA PRINCIPAL--NOMBRE DE ENTIDAD CORPORATIVA
Nombre de entidad corporativa o nombre de jurisdicción como elemento de entrada Iglesia Católica .
9 (RLIN) 4241
240 ## - TÍTULO UNIFORME
Título uniforme Mulieris dignitatem .
245 #0 - MENCIÓN DE TÍTULO
Título Carta apostólica /
Mención de responsabilidad, etc. Charne Román Peña , diagramación.
260 ## - PUBLICACIÓN, DISTRIBUCIÓN, ETC.
Lugar de publicación, distribución, etc. Santiago, República Dominicana :
Nombre del editor, distribuidor, etc. Pontificia Universidad Madre y Maestra ,
Fecha de publicación, distribución, etc. 1989
300 ## - DESCRIPCIÓN FÍSICA
Extensión 81 pag. ;
Dimensiones 20 cm.
490 ## - MENCIÓN DE SERIE
Mención de serie Col. documentos
500 ## - NOTA GENERAL
Nota general I. Incluye referencia bibliográfica al pie de la página.
505 0# - NOTA DE CONTENIDO CON FORMATO
Nota de contenido con formato I. Introducción.-
505 0# - NOTA DE CONTENIDO CON FORMATO
Nota de contenido con formato II. Mujer - madre de Dios.-
505 0# - NOTA DE CONTENIDO CON FORMATO
Nota de contenido con formato III. imágen y semejanza de Dios.
505 0# - NOTA DE CONTENIDO CON FORMATO
Nota de contenido con formato IV. Eva María.-
505 0# - NOTA DE CONTENIDO CON FORMATO
Nota de contenido con formato V. Jesucristo.-
505 0# - NOTA DE CONTENIDO CON FORMATO
Nota de contenido con formato VI. Maternidad - virginidad.-
505 0# - NOTA DE CONTENIDO CON FORMATO
Nota de contenido con formato VII. la iglesia - esposa de Cristo.-
505 0# - NOTA DE CONTENIDO CON FORMATO
Nota de contenido con formato VIII. La mayor es la caridad.-
505 0# - NOTA DE CONTENIDO CON FORMATO
Nota de contenido con formato IX. Conclusión.-
700 12 - PUNTO DE ACCESO ADICIONAL--NOMBRE DE PERSONA
Nombre de persona Román Peña , Charne .
9 (RLIN) 77239
710 ## - PUNTO DE ACCESO ADICIONAL--NOMBRE DE ENTIDAD CORPORATIVA
Código de función/relación Iglesia Católica.
740 ## - PUNTO DE ACCESO ADICIONAL--TÍTULO RELACIONADO O ANALÍTICO NO CONTROLADO
Título relacionado o analítico no controlado Mulieris dignitatem
942 ## - ELEMENTOS DE PUNTO DE ACCESO ADICIONAL (KOHA)
Fuente del sistema de clasificación o colocación Dewey Decimal Classification
Tipo de ítem Koha Libro
Holdings
Estado de retiro Estado de pérdida Fuente del sistema de clasificación o colocación No para préstamo Código de colección Localización permanente Ubicación/localización actual Ubicación en estantería Fecha de adquisición Número de inventario Total de préstamos Signatura topográfica completa Código de barras Fecha visto por última vez Precio válido a partir de Tipo de ítem Koha
    Dewey Decimal Classification Excluido de préstamo Patrimonio Dominicano Patrimonio Dominicano Patrimonio Dominicano Depósito 13.11.2013 LF1   xxxx C322a 15608 13.11.2020 13.11.2020 Libro y Folleto Colección Patrimonio Dominicano

Powered by Koha